<?xml version="1.0" encoding="UTF-8"?>
<record
    xmlns:xsi="http://www.w3.org/2001/XMLSchema-instance"
    xsi:schemaLocation="http://www.loc.gov/MARC21/slim http://www.loc.gov/standards/marcxml/schema/MARC21slim.xsd"
    xmlns="http://www.loc.gov/MARC21/slim">

  <leader>00645nam a2200193Ia 4500</leader>
  <controlfield tag="008">201124s9999||||xx |||||||||||||| ||und||</controlfield>
  <datafield tag="020" ind1=" " ind2=" ">
    <subfield code="a">7518801477</subfield>
  </datafield>
  <datafield tag="020" ind1=" " ind2=" ">
    <subfield code="a">9787518801473</subfield>
  </datafield>
  <datafield tag="041" ind1=" " ind2=" ">
    <subfield code="a">chi</subfield>
  </datafield>
  <datafield tag="050" ind1=" " ind2=" ">
    <subfield code="a">BX1665 </subfield>
    <subfield code="b">.Z465 2016</subfield>
  </datafield>
  <datafield tag="245" ind1=" " ind2="0">
    <subfield code="a">&#x4E2D;&#x56FD;&#x5929;&#x4E3B;&#x6559;&#x672C;&#x5730;&#x5316;&#x795E;&#x5B66;&#x8BBA;&#x96C6;</subfield>
    <subfield code="b"> /</subfield>
    <subfield code="c">&#x4E2D;&#x56FD;&#x5929;&#x4E3B;&#x6559;&#x3010;&#x4E00;&#x4F1A;&#x4E00;&#x56E2;&#x3011;&#x7814;&#x7A76;&#x5BA4;&#x7F16;</subfield>
  </datafield>
  <datafield tag="246" ind1=" " ind2=" ">
    <subfield code="a">&#x4E2D;&#x570B;&#x5929;&#x4E3B;&#x6559;&#x672C;&#x5730;&#x5316;&#x795E;&#x5B78;&#x8AD6;&#x96C6;</subfield>
  </datafield>
  <datafield tag="260" ind1=" " ind2=" ">
    <subfield code="a">&#x5317;&#x4EAC;:</subfield>
    <subfield code="b">&#x5B97;&#x6559;&#x6587;&#x5316;&#x51FA;&#x7248;&#x793E;,</subfield>
    <subfield code="c">2016</subfield>
  </datafield>
  <datafield tag="300" ind1=" " ind2=" ">
    <subfield code="a">3, 3, 14, 6, 421 p.</subfield>
    <subfield code="b">;</subfield>
    <subfield code="c">24 cm.</subfield>
  </datafield>
  <datafield tag="490" ind1=" " ind2=" ">
    <subfield code="a">&#x57FA;&#x7763;&#x6559;&#x4E2D;&#x56FD;&#x5316;&#x7814;&#x7A76;&#x4E1B;&#x4E66;</subfield>
  </datafield>
  <datafield tag="650" ind1=" " ind2=" ">
    <subfield code="a">Catholic Church--China.&#xA0;</subfield>
  </datafield>
  <datafield tag="710" ind1=" " ind2=" ">
    <subfield code="a">&#x4E2D;&#x56FD;&#x5929;&#x4E3B;&#x6559;&#x3010;&#x4E00;&#x4F1A;&#x4E00;&#x56E2;&#x3011;&#x7814;&#x7A76;&#x5BA4;</subfield>
  </datafield>
  <datafield tag="952" ind1=" " ind2=" ">
    <subfield code="0">0</subfield>
    <subfield code="1">0</subfield>
    <subfield code="4">0</subfield>
    <subfield code="7">0</subfield>
    <subfield code="a">GETS</subfield>
    <subfield code="b">GETS</subfield>
    <subfield code="c">GEN</subfield>
    <subfield code="d">2020-11-24</subfield>
    <subfield code="l">0</subfield>
    <subfield code="o">BX1665 .Z465 2016</subfield>
    <subfield code="p">00018910</subfield>
    <subfield code="r">2020-11-24 00:00:00</subfield>
    <subfield code="w">2020-11-24</subfield>
    <subfield code="y">CB</subfield>
  </datafield>
  <datafield tag="999" ind1=" " ind2=" ">
    <subfield code="c">31323</subfield>
    <subfield code="d">31323</subfield>
  </datafield>
</record>
